000 00332nam a2200145Ia 4500
008 230718s9999 xx 000 0 und d
041 _aEng.
082 _a343.54
_bMAH-F
100 _aMahmood,Zahid
245 0 _aForegn exchange manual
260 _aPakistan
_bNational law
_c2009
300 _a574
650 _aLaw
999 _c30384
_d30384